000 00299nam a22001337a 4500
008 170904b xxu||||| |||| 00| 0 eng d
020 _a9781457672880
041 _aeng
080 _a070
100 _a40
101 _aMED
245 _aEVRYTHING S AN ARGUMNET
_cLUNSFORD .A.A
942 _2udc
_cBK
999 _c26007
_d26007